XXV Aniversario de la Clínica Mental de Santa Coloma de Gramanet
Colección:
San Jorge,
; núm. 21 (gener 1956), pàg 98
Materias:
Clínica Mental (Santa Coloma de Gramenet, Catalunya)
; Clínica Mental (Santa Coloma de Gramenet, Catalunya) -- Aniversaris, etc.
Idioma:
Español
MARC
| LEADER | 00000naa a2200000 a 4500 | ||
|---|---|---|---|
| 003 | Arxiu | ||
| 005 | 20260324181022.0 | ||
| 008 | 160829s1956 spcaxx s spa c | ||
| 040 | |a AGDB | ||
| 245 | 0 | 0 | |a XXV Aniversario de la Clínica Mental de Santa Coloma de Gramanet |
| 246 | 3 | 3 | |a 25 aniversario de la Clínica Mental de Santa Coloma de Gramanet |
| 490 | |a San Jorge, |v núm. 21 (gener 1956), pàg 98 | ||
| 610 | 2 | 0 | |9 54649 |a Clínica Mental (Santa Coloma de Gramenet, Catalunya) |
| 610 | 2 | 0 | |9 55954 |a Clínica Mental (Santa Coloma de Gramenet, Catalunya) |x Aniversaris, etc. |
| 773 | |g Núm. 21 (gener 1956), pàg 98 |t San Jorge. | ||
| 901 | |a Arxiu | ||
| 942 | |n 1 |2 udc |c ART | ||
| 952 | |0 0 |1 0 |4 0 |6 REV511 |7 1 |9 65586 |a Arxiu |b Arxiu |d 2023-03-13 |l 0 |o Rev-511 |r 2023-03-13 00:00:00 |w 2023-03-13 |y ARXIU |z També disponible a Rev-525 | ||
| 999 | |c 43376 |d 43376 | ||